<?xml version="1.0" encoding="UTF-8"?>
<record
    xmlns:xsi="http://www.w3.org/2001/XMLSchema-instance"
    xsi:schemaLocation="http://www.loc.gov/MARC21/slim http://www.loc.gov/standards/marcxml/schema/MARC21slim.xsd"
    xmlns="http://www.loc.gov/MARC21/slim">

  <leader>03704cam a22005655i 4500</leader>
  <controlfield tag="001">ssj0001931121</controlfield>
  <controlfield tag="003">WaSeSS</controlfield>
  <controlfield tag="005">20220422143532.0</controlfield>
  <controlfield tag="006">m        d        </controlfield>
  <controlfield tag="007">cr  n         </controlfield>
  <controlfield tag="008">171213s2018    xxu|    o    |||| 0|eng d</controlfield>
  <datafield tag="020" ind1=" " ind2=" ">
    <subfield code="a">9781484248355</subfield>
    <subfield code="q">(print)</subfield>
  </datafield>
  <datafield tag="024" ind1="7" ind2=" ">
    <subfield code="a">10.1007/978-1-4842-3108-1</subfield>
    <subfield code="2">doi</subfield>
  </datafield>
  <datafield tag="040" ind1=" " ind2=" ">
    <subfield code="b">eng</subfield>
    <subfield code="d">WaSeSS</subfield>
    <subfield code="c">AIMIT LIBRARY</subfield>
  </datafield>
  <datafield tag="050" ind1=" " ind2="4">
    <subfield code="a">QA76.73.J38</subfield>
  </datafield>
  <datafield tag="072" ind1=" " ind2="7">
    <subfield code="a">UMX</subfield>
    <subfield code="2">bicssc</subfield>
  </datafield>
  <datafield tag="072" ind1=" " ind2="7">
    <subfield code="a">COM051280</subfield>
    <subfield code="2">bisacsh</subfield>
  </datafield>
  <datafield tag="072" ind1=" " ind2="7">
    <subfield code="a">UMX</subfield>
    <subfield code="2">thema</subfield>
  </datafield>
  <datafield tag="082" ind1="0" ind2="4">
    <subfield code="a">005.7683</subfield>
    <subfield code="2">1</subfield>
    <subfield code="b">WEST</subfield>
  </datafield>
  <datafield tag="092" ind1=" " ind2=" ">
    <subfield code="a">EBOOK</subfield>
  </datafield>
  <datafield tag="100" ind1="1" ind2=" ">
    <subfield code="a">Weston, Toby.</subfield>
    <subfield code="9">30952</subfield>
  </datafield>
  <datafield tag="245" ind1="1" ind2="0">
    <subfield code="a">Scala for Java Developers :</subfield>
    <subfield code="b">A Practical Primer /</subfield>
    <subfield code="c">by Toby Weston.</subfield>
  </datafield>
  <datafield tag="260" ind1=" " ind2=" ">
    <subfield code="a">Berkeley, CA :</subfield>
    <subfield code="b">Apress :</subfield>
    <subfield code="c">2018.</subfield>
  </datafield>
  <datafield tag="264" ind1=" " ind2="1">
    <subfield code="a">Berkeley, CA :</subfield>
    <subfield code="b">Apress :</subfield>
    <subfield code="b">Imprint: Apress,</subfield>
    <subfield code="c">2018.</subfield>
  </datafield>
  <datafield tag="300" ind1=" " ind2=" ">
    <subfield code="a">XXI, 245 p.</subfield>
    <subfield code="b">24 cm.</subfield>
  </datafield>
  <datafield tag="336" ind1=" " ind2=" ">
    <subfield code="a">text</subfield>
    <subfield code="b">txt</subfield>
    <subfield code="2">rdacontent</subfield>
  </datafield>
  <datafield tag="337" ind1=" " ind2=" ">
    <subfield code="a">computer</subfield>
    <subfield code="b">c</subfield>
    <subfield code="2">rdamedia</subfield>
  </datafield>
  <datafield tag="338" ind1=" " ind2=" ">
    <subfield code="a">online resource</subfield>
    <subfield code="b">cr</subfield>
    <subfield code="2">rdacarrier</subfield>
  </datafield>
  <datafield tag="347" ind1=" " ind2=" ">
    <subfield code="a">text file</subfield>
    <subfield code="b">PDF</subfield>
    <subfield code="2">rda</subfield>
  </datafield>
  <datafield tag="505" ind1="0" ind2=" ">
    <subfield code="a">I. Scala Tour -- 1. The Scala Language -- 2. Installing Scala -- 3. Some Basic Syntax -- 4. Scala's Class Hierarchy -- 5. ScalaDoc -- 6. Language Features -- II. Key Syntactical Differences -- 7. Classes and Fields -- 8. Classes and Objects -- 9. Classes and Functions -- 10. Inheritance -- 11. Control Structures -- 12. Generics -- III. Beyond Java to Scala -- 13. Faking Function Calls -- 14. Faking Language Constructs -- 15. Pattern Matching -- 16. Map and FlatMap -- 17. Monads -- 18. For Comprehensions -- IV. Adopting Scala in Java Teams -- 19. Adopting Scala -- 20. What to Expect -- 21. Tips -- 22. Convert Your Codebase -- 23. Manage Your Codebase -- Appendix A. Code Listings -- Appendix B. Syntax Cheat Sheet -- .</subfield>
  </datafield>
  <datafield tag="506" ind1=" " ind2=" ">
    <subfield code="a">Requires an SPL library card.</subfield>
  </datafield>
  <datafield tag="520" ind1=" " ind2=" ">
    <subfield code="a">Master the fundamentals of Scala and understand its emphasis on functional programming that sets it apart from Java. This book will help you translate what you already know in Java to Scala to start your functional programming journey. Learn Scala is split into four parts: a tour of Scala, a comparison between Java and Scala, Scala-specific features and functional programming idioms, and finally a discussion about adopting Scala in existing Java teams and legacy projects. After reading and using this tutorial, you'll come away with the skills in Scala to kick-start your productivity with this growing popular language. You will: Tour Scala and learn the basic syntax, constructs, and how to use the REPL Translate Java syntax that you already know into Scala Learn what Scala offers over and above Java Become familiar with functional programming concepts and idioms Gain tips and advice useful when transitioning existing Java projects to Scala.</subfield>
  </datafield>
  <datafield tag="538" ind1=" " ind2=" ">
    <subfield code="a">Mode of access: World Wide Web.</subfield>
  </datafield>
  <datafield tag="650" ind1=" " ind2="0">
    <subfield code="a">Java (Computer program language)</subfield>
    <subfield code="9">30953</subfield>
  </datafield>
  <datafield tag="650" ind1=" " ind2="0">
    <subfield code="a">Computer science</subfield>
    <subfield code="9">30954</subfield>
  </datafield>
  <datafield tag="650" ind1=" " ind2="0">
    <subfield code="a">The Scala Language</subfield>
    <subfield code="9">30955</subfield>
  </datafield>
  <datafield tag="650" ind1=" " ind2="0">
    <subfield code="a">Some basic syntax</subfield>
    <subfield code="9">30956</subfield>
  </datafield>
  <datafield tag="655" ind1=" " ind2="7">
    <subfield code="a">Electronic books.</subfield>
    <subfield code="2">local</subfield>
    <subfield code="9">30957</subfield>
  </datafield>
  <datafield tag="710" ind1="2" ind2=" ">
    <subfield code="a">SpringerLink (Online service)</subfield>
    <subfield code="9">30958</subfield>
  </datafield>
  <datafield tag="710" ind1="2" ind2=" ">
    <subfield code="a">O'Reilly (Firm)</subfield>
    <subfield code="9">30959</subfield>
  </datafield>
  <datafield tag="710" ind1="2" ind2=" ">
    <subfield code="a">Serials Solutions</subfield>
    <subfield code="9">30960</subfield>
  </datafield>
  <datafield tag="773" ind1="0" ind2=" ">
    <subfield code="t">Springer eBooks</subfield>
  </datafield>
  <datafield tag="776" ind1="0" ind2="8">
    <subfield code="i">Printed edition:</subfield>
    <subfield code="z">9781484231074</subfield>
  </datafield>
  <datafield tag="776" ind1="0" ind2="8">
    <subfield code="i">Printed edition:</subfield>
    <subfield code="z">9781484231098</subfield>
  </datafield>
  <datafield tag="776" ind1="0" ind2="8">
    <subfield code="i">Printed edition:</subfield>
    <subfield code="z">9781484248355</subfield>
  </datafield>
  <datafield tag="856" ind1="4" ind2="0">
    <subfield code="y">View this electronic item in O'Reilly Online Learning: Academic/Public Library Edition.</subfield>
    <subfield code="u">https://ezproxy.spl.org/login?url=https://learning.oreilly.com/library/view/~/9781484231081/?ar</subfield>
    <subfield code="z">An e-book available through full-text database.</subfield>
  </datafield>
  <datafield tag="942" ind1=" " ind2=" ">
    <subfield code="2">ddc</subfield>
    <subfield code="c">BK</subfield>
    <subfield code="e">1st</subfield>
    <subfield code="k">005.7683 WEST</subfield>
  </datafield>
  <datafield tag="999" ind1=" " ind2=" ">
    <subfield code="c">222563</subfield>
    <subfield code="d">222563</subfield>
  </datafield>
  <datafield tag="999" ind1=" " ind2=" ">
    <subfield code="b">03587998</subfield>
  </datafield>
</record>
